000 00306 a2200133 4500
005 20250702063259.0
020 _a978-1-781-78109-068-8
082 _a823.92 OSB
100 _aOSBORNE, L.
245 _aBeautiful Animals.
260 _aNew York,
_bHogarth,
_c2017.
300 _a295p.
_c21cm
942 _2ddc
_cBKS
999 _c6513
_d6513